|
|
|
|
| LEADER |
00000nam a2200000 a 4500 |
| 001 |
vtls009006051 |
| 003 |
SK-MaSNL |
| 005 |
20260301102338.0 |
| 008 |
240315s2007 xo g 000 f hun |
| 015 |
|
|
|a SNBA2007/09-04564
|
| 020 |
|
|
|a 9788071499343
|q (viaz.)
|
| 035 |
|
|
|a DF110791-9874-4029-94DF-709A9D1D0BE2
|
| 035 |
|
|
|a urn:nbn:sk:snk-amkvvh
|
| 035 |
|
|
|a urn:nbn:sk:snk-am0010z6
|
| 040 |
|
|
|a SNK
|b slo
|c SNK
|e AACR2
|
| 041 |
0 |
|
|a hun
|
| 044 |
|
|
|a xo
|c SK
|
| 072 |
|
7 |
|a 821.511.1
|x Ugrofínske literatúry
|2 konspekt
|
| 080 |
|
|
|a 821.511.141-31
|2 2001
|
| 100 |
1 |
|
|a Lovas, Ildikó,
|d 1967-
|4 aut
|9 397378
|
| 245 |
1 |
0 |
|a Spanyol menyasszony
|b (lány, regény)
|c Lovas Ildikó
|
| 250 |
|
|
|a 1. kiad.
|
| 260 |
|
|
|a Pozsony
|b Kalligram
|c 2007
|
| 300 |
|
|
|a 299 s.
|c 21 cm
|
| 500 |
|
|
|a Tir. aj slov.
|
| 655 |
|
7 |
|a maďarské romány
|2 SNKPH
|9 70321
|
| 655 |
|
7 |
|a umelecká literatúra
|2 SNKPH
|9 60405
|
| 752 |
|
|
|a Slovensko
|d Bratislava
|
| 919 |
|
|
|a 978-80-7149-934-3
|
| 958 |
|
|
|a LX
|
| 958 |
|
|
|a HU
|
| 958 |
|
|
|a NM
|
| 968 |
|
|
|d 821
|
| 999 |
|
|
|c 691939
|d 693869
|
| 952 |
|
|
|a SNK
|b SNK
|y PREZ
|7 0
|p 17A0558172
|o snkSD 76701
|i snk2007/17123
|8 0
|0 0
|1 0
|4 0
|d 2007-07-10
|l 0
|r 2025-11-25 00:00:00
|w 2026-02-23
|
| 952 |
|
|
|a SNK
|b SNK
|y VYP
|7 0
|p 17A0558171
|o snkSD 76701 D1
|i snk2007/17124
|8 0
|0 0
|1 0
|4 0
|d 2007-07-10
|f 1
|l 0
|r 2017-06-30 00:00:00
|w 2026-02-23
|